000 01461cam a22004214i 4500
003 PE-LiUPU
005 20250731173021.0
008 150623s r 000 0 d
035 _a(Sirsi) a23486
040 _aPE-LiUPU
_bspa
_cPE-LiUPU
_erda
082 0 4 _a232
_bC88
_221
100 1 _aCruzado Balcazar, Alejandro,
_eautor.
245 1 3 _aEl proceso a Jesucristo: el holocausto mesiáanico visto por un abogado.
264 1 _aTrujillo :
_bNuevo Norte,
_c2000.
300 _a344 páginas ;
_c24 cm.
336 _atext
_2rdacontent
337 _aunmediated
_2rdamedia
338 _avolume
_2rdacarrier
504 _aIncluye bibliografía.
505 0 _aEl cristianismo. -Jesucristo. -El proceso. -Pena de muerte por crucifixión. -Cronología del suplicio y del proceso. -Soteriología-El milagro.
526 _aSEG42
526 _aSEG41
526 _aSEG40
526 _aSEG39
526 _aP94
526 _aP87
526 _aP86
526 _aP85
526 _aP77
526 _aP76
526 _aP35
600 1 _aJesucristo
_xMesiazgo
942 _2ddc
_cBOOK
949 _a232 C88
_wDEWEY
_c1
_i47643
_lCCODEBUL1
_mBUL
_p00.00
_r0
_sY
_tBOOK
_u2015-06-24
_xTEOLOGIA
_PP35
_0COMPRA
_o.STAFF. Colección General
596 _a1
999 _a232 C88
_wDEWEY
_c24168
_i47643
_f2021-11-9
_g5
_lCCODEBUL1
_mBUL
_r0
_sY
_tBOOK
_u2015-6-24
_xTEOLOGIA
_PP35
_0COMPRA
_o.STAFF. Colección General
_d24168
980 _81
_gALBERTO SANCHEZ Responsable de Automatización